000 00267nam a2200121Ia 4500
008 190216s9999||||xx |||||||||||||| ||und||
100 _aUroob
245 0 _aThurannitta Jalakam
260 _bPoorna Pubs Kozhikode
300 _a69
650 _aKathakal
942 _cBK
999 _c23981
_d23981